[Event "6th Prague Futures"]
[Site "Prague CZE"]
[Date "2024.02.28"]
[Round "2.1"]
[White "Siskou, Evangelia"]
[Black "Guntaka, Aayansh R"]
[Result "1-0"]
[WhiteElo "1745"]
[BlackElo "1767"]
[WhiteFideId "42113938"]
[BlackFideId "30993890"]
[EventDate "2024.02.27"]

1. e4 e6 2. d4 d5 3. Nc3 Bb4 4. Ne2 dxe4 5. a3 Bxc3+ 6. Nxc3 Nc6 7. d5 exd5 8.
Qxd5 Be6 9. Qxd8+ Rxd8 10. Bf4 f5 11. Bxc7 Rd7 12. Bf4 Nf6 13. Rd1 Rxd1+ 14.
Kxd1 O-O 15. Be2 h6 16. h4 Ne7 17. Kc1 Ned5 18. Be5 Nxc3 19. Bxc3 Nd5 20. Bc4
Nc7 21. Bxe6+ Nxe6 22. Rd1 Rf7 23. g3 f4 24. Re1 e3 25. fxe3 f3 26. Bb4 g5 27.
hxg5 Nxg5 28. Bd6 Ne4 29. Bf4 f2 30. Rf1 h5 31. Kd1 Kg7 32. Ke2 Rd7 33. c3 Kg6
34. Rh1 Rh7 35. Rd1 Re7 36. Rd5 Rh7 37. Re5 Nf6 38. Rg5+ Kf7 39. Rb5 Ne4 40.
Rxb7+ Kg6 41. Rb4 Kf5 42. Rb5+ Kg4 43. Re5 Rd7 44. Rxe4 Rd2+ 45. Kf1 Kf3 46. Rd4
Rxb2 47. Rd1 h4 48. gxh4 Rc2 49. Be5 Rb2 50. Bf4 Rc2 51. Be5 Rb2 52. Rc1 Rb6 53.
Bf4 Rg6 54. Bg5 Re6 55. Rc2 Rb6 56. Rxf2+ Kg3 57. Rc2 Rb1+ 58. Ke2 Rb6 59. c4
Rc6 60. c5 Kg4 61. Kd3 Kf5 62. Kd4 Ke6 63. Rf2 Kd7 64. Kd5 Rg6 65. Rf7+ Kc8 66.
Rxa7 Kb8 67. Rf7 Kc8 68. c6 Kb8 69. Kc5 Rg8 70. Kb6 Rh8 71. Rb7+ Kc8 72. Ra7 Kb8
73. Bf4+ Kc8 74. Ra8# 1-0

[Event "6th Prague Futures"]
[Site "Prague CZE"]
[Date "2024.02.29"]
[Round "3.2"]
[White "Jakubse, Tamae Severina"]
[Black "Peglau, Paul David"]
[Result "1/2-1/2"]
[WhiteElo "1738"]
[BlackElo "1822"]
[WhiteFideId "23745975"]
[BlackFideId "16290550"]
[EventDate "2024.02.27"]

1. e4 c5 2. c3 e6 3. d4 d5 4. exd5 exd5 5. Nf3 Nc6 6. Bb5 Nf6 7. O-O c4 8. b3
cxb3 9. axb3 Be7 10. Bf4 O-O 11. h3 Be6 12. Nbd2 Ne4 13. Nxe4 dxe4 14. Ne5 Nxe5
15. Bxe5 f5 16. Bc4 Bxc4 17. bxc4 Bd6 18. Bxd6 Qxd6 19. Qb3 Qc6 20. Rfb1 Rf7 21.
Ra5 b6 22. Rb5 f4 23. c5 bxc5 24. Rxc5 Qg6 25. Qd5 Rf8 26. Rb7 f3 27. g4 h6 28.
Rc6 Qg5 29. Qxg5 hxg5 30. Rxf7 Rxf7 31. Re6 Rc7 32. Rxe4 Rxc3 33. Re5 Rd3 34.
Rxg5 Rxd4 35. Ra5 Rd7 36. Kh2 g6 37. Kg3 Rf7 38. Ra3 Kg7 39. Rxf3 Rxf3+ 40. Kxf3
a5 41. Ke3 g5 42. Kd4 Kf6 43. Kc5 Ke5 44. Kb5 Kf4 45. Kxa5 Kf3 46. h4 gxh4 47.
g5 h3 48. g6 h2 49. g7 h1=Q 50. g8=Q Qa1+ 1/2-1/2

[Event "6th Prague Futures"]
[Site "Prague CZE"]
[Date "2024.03.04"]
[Round "6.4"]
[White "Peglau, Paul David"]
[Black "Guntaka, Aayansh R"]
[Result "0-1"]
[WhiteElo "1822"]
[BlackElo "1767"]
[WhiteFideId "16290550"]
[BlackFideId "30993890"]
[EventDate "2024.02.27"]

1. d4 d5 2. c4 e6 3. Nf3 c6 4. g3 dxc4 5. Bg2 Nf6 6. Ne5 b5 7. Nxc6 Qb6 8. Nxb8
Rxb8 9. Bf4 Bd6 10. Bxd6 Qxd6 11. O-O O-O 12. e4 Qd7 13. e5 Nd5 14. Nc3 Nb4 15.
Ne4 Nd3 16. Qg4 Qd8 17. b3 h6 18. bxc4 bxc4 19. Nd6 Ba6 20. f4 c3 21. f5 Qg5 22.
Qxg5 hxg5 23. fxe6 fxe6 24. Rxf8+ Kxf8 25. Rf1+ Kg8 26. Bh3 c2 27. Bxe6+ Kh7 28.
Bf5+ g6 29. Bxg6+ Kxg6 30. e6 c1=Q 31. Rxc1 Nxc1 32. e7 Bb5 33. Nxb5 Re8 34.
Nxa7 Rxe7 35. Nc6 Rc7 36. d5 Nxa2 37. g4 Kf6 38. Nd4 Rd7 39. Kf2 Rxd5 40. Ke3
Nb4 41. Nf5 Rd3+ 42. Kf2 Nd5 43. Ng3 Rd2+ 44. Kg1 Ke5 45. Nf1 Ra2 46. Ng3 Kf4
47. Nf5 Kxg4 48. Nh6+ Kf3 49. h4 gxh4 50. Nf5 h3 51. Nh4+ Kg4 52. Ng6 Kg3 0-1

[Event "6th Prague Futures"]
[Site "Prague CZE"]
[Date "2024.03.06"]
[Round "8.2"]
[White "Siskou, Evangelia"]
[Black "Brzezina, Pawel"]
[Result "0-1"]
[WhiteElo "1745"]
[BlackElo "1914"]
[WhiteFideId "42113938"]
[BlackFideId "21078866"]
[EventDate "2024.02.27"]

1. e4 c5 2. Nf3 d6 3. Bb5+ Nd7 4. c3 Nf6 5. Bd3 a6 6. Bc2 b5 7. O-O Bb7 8. Re1
e6 9. d4 Qc7 10. h3 Be7 11. Bf4 e5 12. Bh2 O-O 13. Nbd2 Rfc8 14. Rc1 Bf8 15. a4
g6 16. Qe2 c4 17. b3 Bh6 18. bxc4 bxc4 19. Rb1 a5 20. dxe5 dxe5 21. Nxe5 Nxe5
22. Bxe5 Qxe5 23. Rxb7 Qxc3 24. Nf3 Re8 25. Rd1 Bf4 26. g3 Be5 27. Nxe5 Rxe5 28.
Rc7 Rae8 29. Rxc4 Qa3 30. Rd3 Qa1+ 31. Kg2 Nxe4 32. Rd1 Qa2 33. Bd3 Qxe2 34.
Bxe2 Nxf2 35. Kxf2 Rxe2+ 36. Kf3 R8e3+ 37. Kf4 Rb3 38. Rg1 Ra3 39. Rgc1 Rea2 40.
h4 Rxa4 41. Ke5 Rxc4 42. Rxc4 Kg7 43. g4 Ra1 44. Kf4 a4 45. Kg3 a3 46. Kg2 a2
47. Ra4 f5 48. Ra7+ Kf6 49. Ra6+ Ke5 50. Ra5+ Kd6 51. Ra6+ Kc5 52. Ra5+ Kb6 53.
Ra4 f4 54. Ra3 f3+ 55. Rxf3 Rb1 0-1

[Event "6th Prague Futures"]
[Site "Prague CZE"]
[Date "2024.03.06"]
[Round "8.4"]
[White "Jakubse, Tamae Severina"]
[Black "Guntaka, Aayansh R"]
[Result "1-0"]
[WhiteElo "1738"]
[BlackElo "1767"]
[WhiteFideId "23745975"]
[BlackFideId "30993890"]
[EventDate "2024.02.27"]

1. e4 e6 2. d4 d5 3. Nc3 Bb4 4. exd5 exd5 5. Qf3 Ne7 6. Bd3 Nbc6 7. Ne2 O-O 8.
Be3 a5 9. a3 Bxc3+ 10. Nxc3 f5 11. g3 b6 12. O-O-O Ba6 13. Rhe1 b5 14. Bxb5 Bxb5
15. Nxb5 Rb8 16. a4 Qd7 17. Bf4 Rb7 18. Qe2 Kf7 19. f3 Na7 20. Nxa7 Rxa7 21. Rd3
Nc6 22. g4 Nb4 23. Rb3 Raa8 24. Qb5 c6 25. Qe2 Rae8 26. Be5 c5 27. dxc5 fxg4 28.
fxg4 Kg8 29. Re3 Qxa4 30. b3 Qc6 31. Bd6 Rxe3 32. Qxe3 Ra8 33. Qe6+ Kh8 34. Qf7
Qc8 35. Re7 Qg8 36. Qxg8+ Rxg8 37. Ra7 Nc6 38. Ra6 Rc8 39. Kb2 h6 40. c3 Kh7 41.
Ka3 Kg6 42. Ka4 Kg5 43. Kb5 d4 44. cxd4 Nxd4+ 45. Kxa5 Nxb3+ 46. Kb6 Nxc5 47.
Bxc5 Kxg4 48. Bd6 Kh3 49. Ra7 h5 50. Rxg7 h4 51. Rc7 Re8 52. Kc5 Re2 53. Kd5
Rd2+ 54. Ke6 Rd4 55. Be5 Rd2 56. Kf5 Rc2 57. Kg5 Rg2+ 58. Kh5 Re2 59. Rc3+ Kg2
60. Bf4 Rf2 61. Bc7 h3 62. Kg4 Rb2 63. Rg3+ Kh1 64. Rxh3 Rg2+ 65. Kf3 Rg7 66.
Bg3 Ra7 67. Rh8 Ra3+ 68. Kg4 Kg2 69. Rf8 Rb3 70. Rf2+ Kg1 71. h4 Rb7 72. Kh3 Rb1
73. Rg2+ Kf1 74. Rf2+ Kg1 75. h5 Rb6 76. Re2 Rb1 77. Re1+ Rxe1 78. Bxe1 Kf1 79.
h6 Kxe1 80. h7 Ke2 81. h8=Q Kf3 82. Qd4 Ke2 83. Kg3 Ke1 84. Kf3 Kf1 85. Qf2# 1-0

[Event "6th Prague Futures"]
[Site "Prague CZE"]
[Date "2024.03.07"]
[Round "9.2"]
[White "Mrozowski, Nikodem"]
[Black "Jakubse, Tamae Severina"]
[Result "1-0"]
[WhiteElo "1636"]
[BlackElo "1738"]
[WhiteFideId "41801733"]
[BlackFideId "23745975"]
[EventDate "2024.02.27"]

1. d4 Nf6 2. c4 g6 3. Nc3 d5 4. h4 h5 5. Bg5 Bg7 6. Bxf6 Bxf6 7. Nxd5 Bg7 8. e3
c6 9. Nc3 c5 10. d5 O-O 11. Rc1 Qa5 12. a3 e6 13. Qd2 Na6 14. Be2 exd5 15. cxd5
b6 16. Nf3 Bb7 17. O-O Rad8 18. e4 Rfe8 19. Qf4 Nb8 20. Ng5 Rf8 21. Bxh5 Ba6 22.
Rfe1 Nd7 23. Be2 c4 24. h5 Ne5 25. h6 1-0